Statystyki dla Top 3 najczęstszych zdobywców pucharu ligi z danego kraju #5

Kliknij tutaj aby rozwiązać quiz!

Ogólne statystyki

  • Ten quiz został rozwiązany 61 razy
  • Średni wynik to 12 z 28

Statystyki odpowiedzi

KrajKlubyilość wygranych lig% Poprawnych
FrancjaParis Saint Germain10
100%

Holandia

Ajax Amsterdam36
91%

Ukraina


Dynamo Kijów16
84%
FrancjaOlympique Lyon7
82%

Francja


Olympique Marsylia10
81%
HolandiaPSV Eindhoven24
81%
GrecjaAEK Ateny12
74%
UkrainaSzachtar Donieck13
68%
FrancjaAS Monaco8
60%
HolandiaFeyenoord Rotterdam15
60%

Grecja


Olympiakos Pireus47
56%

Kazachstan


FC Astana6
51%
FrancjaAS Saint-Etienne10
44%
GrecjaPanathinaikos20
42%

Węgry


Ferencvarosi TC33
40%
Arabia SaudyjskaAl-Nassr9
32%

Arabia Saudyjska


AL-Hilal18
26%
UrugwajNacional48
26%
FrancjaNantes8
25%
WęgryMTK Budapeszt23
14%

Urugwaj


Penarol51
11%
Arabia SaudyjskaAl Ittihad8
7%
KazachstanFC Aktobe5
5%
WęgryFC Ujpest20
5%
KazachstanFC Kairat3
4%
UrugwajDefensor Sporting4
2%
KazachstanFC Irtysh Pavlodar5
0%
UkrainaFC Tavriya1
0%

Rozkład punktacji

Percentyl według liczby udzielonych odpowiedzi

Procent ludzi z każdym wynikiem

Twoja historia wyników

Nie rozwiązałeś tego quizu